Maďarsko Atlas Ekonoma

Politická situácia. Hospodárska situácia. Mena. Banky. Burza. Štátne financie. Zahraničný obchod. Obchod bývalého Československa s Maďarskom.

Na minha lista:
Detalhes bibliográficos
Autor principal: Hálek, J.
Formato: Capítulo de Livro
Idioma:tcheco
Assuntos:
Tags: Adicionar Tag
Sem tags, seja o primeiro a adicionar uma tag!

MARC

LEADER 00000naa a2200000 4500
001 r014881
005 20221205085953.9
041 0 |a cze 
044 |a CZ 
245 1 0 |a Maďarsko  |b Atlas Ekonoma  |c J. Hálek 
520 |a Politická situácia. Hospodárska situácia. Mena. Banky. Burza. Štátne financie. Zahraničný obchod. Obchod bývalého Československa s Maďarskom. 
610 2 0 |a politika vnútorná 
610 2 0 |a situácia hospodárska 
610 2 0 |a mena 
610 2 0 |a banky 
610 2 0 |a burzy 
610 2 0 |a financie štátne 
610 2 0 |a obchod zahraničný 
610 2 0 |a ČSFR 
610 2 0 |a Maďarsko 
100 1 |a Hálek, J.